[Event "48th Bosna it"]
[Site "Sarajevo BIH"]
[Date "2018.05.06"]
[Round "3.48"]
[White "Radaca, Nasir"]
[Black "Stankovic, Dragan"]
[Result "0-1"]
[WhiteElo "1619"]
[BlackElo "1919"]
[EventDate "2018.05.05"]
[PlyCount "66"]

1.d4 d5 2.Bf4 Nf6 3.e3 Nbd7 4.Nf3 e6 5.c3 c5 6.Bd3 c4 7.Bc2 b5 8.a3 Bb7 9.
Nbd2 Qb6 10.Ne5 Bd6 11.Nxd7 Nxd7 12.Bg3 f5 13.Bxd6 Qxd6 14.O-O O-O 15.Qe2 
Rf6 16.f3 Rh6 17.g3 Nf6 18.e4 dxe4 19.fxe4 Ng4 20.Nf3 Rf8 21.Kg2 f4 22.Kg1
fxg3 23.h4 g2 24.Kxg2 Rxh4 25.Rh1 Rxh1 26.Rxh1 Qf4 27.Re1 Rf6 28.Bd1 Rg6 
29.Kf1 Nf6 30.Bc2 Rg3 31.Qf2 Rxf3 32.Re2 Bxe4 33.Bd1 Bd3 0-1

[Event "48th Bosna it"]
[Site "Sarajevo BIH"]
[Date "2018.05.06"]
[Round "3.49"]
[White "Tomic, Jelena"]
[Black "Gazija, Tarik"]
[Result "1-0"]
[WhiteElo "1881"]
[BlackElo "1528"]
[EventDate "2018.05.05"]
[PlyCount "77"]

1.e4 c5 2.c3 d6 3.d4 cxd4 4.cxd4 e6 5.Nc3 d5 6.e5 Bb4 7.Qa4+ Nc6 8.Bb5 
Bxc3+ 9.bxc3 Ne7 10.Ba3 Bd7 11.Qc2 Rc8 12.Qb2 O-O 13.Bc5 b6 14.Bd6 Nb8 15.
Bd3 Re8 16.Nf3 Nf5 17.Ba3 Qc7 18.Rc1 Nc6 19.g4 Nfe7 20.Ba6 Na5 21.Bxc8 Nc4
22.Qb3 Na5 23.Qc2 Qxc8 24.Qd3 Ng6 25.Nd2 a6 26.Qe3 Bb5 27.h4 h6 28.h5 Nf8 
29.g5 hxg5 30.Qxg5 Nh7 31.Qg3 Qc7 32.Rg1 f5 33.Qg6 Nf8 34.Bxf8 Kxf8 35.Qh7
Bd3 36.Qh8+ Ke7 37.Rxg7+ Kd8 38.Qxe8+ Kxe8 39.Rxc7 1-0

[Event "48th Bosna it"]
[Site "Sarajevo BIH"]
[Date "2018.05.06"]
[Round "3.51"]
[White "Kabadayi, Suleyman Arda"]
[Black "Zechner, Andrea"]
[Result "1-0"]
[WhiteElo "1514"]
[BlackElo "1811"]
[EventDate "2018.05.05"]
[PlyCount "57"]

1.e4 c6 2.d4 d5 3.exd5 cxd5 4.c4 Nf6 5.Nc3 e6 6.c5 Be7 7.Rb1 O-O 8.Bd3 Nc6
9.Nf3 Nb4 10.O-O Nxd3 11.Qxd3 a5 12.Na4 b6 13.Nxb6 Ba6 14.Qc2 Bxf1 15.Nxa8
Bxg2 16.Kxg2 Qxa8 17.Qa4 Ne4 18.Bf4 Qa6 19.a3 g5 20.Be3 Bd8 21.Rc1 Qe2 22.
Qc2 Qb5 23.c6 Be7 24.Nxg5 Nxg5 25.Bxg5 Rb8 26.Qd2 Rb6 27.Bxe7 f6 28.Qh6 
Rb8 29.Bxf6 1-0

[Event "48th Bosna it"]
[Site "Sarajevo BIH"]
[Date "2018.05.06"]
[Round "3.52"]
[White "Beslija, Hana"]
[Black "Odzak, Senad"]
[Result "0-1"]
[WhiteElo "1129"]
[BlackElo "1802"]
[EventDate "2018.05.05"]
[PlyCount "79"]

1.e4 Nf6 2.Nc3 d5 3.e5 d4 4.exf6 dxc3 5.fxe7 cxd2+ 6.Qxd2 Qxd2+ 7.Bxd2 
Bxe7 8.Nf3 O-O 9.O-O-O Bc5 10.Be3 Bxe3+ 11.fxe3 Bg4 12.Be2 Nc6 13.h3 Bh5 
14.g4 Bg6 15.Rd7 Rfe8 16.Nh4 Rxe3 17.Bb5 Be4 18.Rh2 Rc8 19.Nf5 Bxf5 20.
gxf5 Ne5 21.Rd1 Rf3 22.Bd3 Nxd3+ 23.Rxd3 Rxf5 24.Rhd2 g6 25.Rd8+ Rxd8 26.
Rxd8+ Kg7 27.Rb8 Rb5 28.a4 Rb4 29.b3 a5 30.Kb2 Kf6 31.c3 Rb6 32.Ka3 c5 33.
Rc8 Rc6 34.Rb8 b6 35.b4 axb4+ 36.cxb4 Re6 37.bxc5 bxc5 38.a5 Ke7 39.Ka4 
Re4+ 40.Kb5 0-1

[Event "48th Bosna it"]
[Site "Sarajevo BIH"]
[Date "2018.05.06"]
[Round "3.55"]
[White "Mahmutbegovic, Muharem"]
[Black "Musinovic, Mirsad"]
[Result "1-0"]
[WhiteElo "2039"]
[BlackElo "1561"]
[EventDate "2018.05.05"]
[PlyCount "71"]

1.e4 e6 2.d4 d5 3.Nd2 Nf6 4.e5 Nfd7 5.Bd3 c5 6.c3 Nc6 7.Ne2 a6 8.O-O Be7 
9.f4 b5 10.f5 cxd4 11.fxe6 fxe6 12.Nxd4 Ndxe5 13.Nxc6 Nxc6 14.Qh5+ Kd7 15.
Nf3 Qe8 16.Qg4 Bf6 17.Bg5 h5 18.Qg3 Qe7 19.Bxf6 gxf6 20.Nh4 Ne5 21.Ng6 
Nxg6 22.Qxg6 f5 23.Rae1 Qe8 24.Qg7+ Kd6 25.Qe5+ Kc6 26.Bxf5 Rh6 27.Qg7 Rh8
28.Qf6 Rf8 29.Qe5 Bd7 30.Bxe6 Rxf1+ 31.Kxf1 Qxe6 32.Qxe6+ Bxe6 33.Rxe6+ 
Kc5 34.Rh6 Kc4 35.Ke2 Re8+ 36.Kd2 1-0

[Event "48th Bosna it"]
[Site "Sarajevo BIH"]
[Date "2018.05.06"]
[Round "3.56"]
[White "Tarun, Kanyamarala"]
[Black "Alispahic, Armin"]
[Result "1-0"]
[WhiteElo "2006"]
[BlackElo "1549"]
[EventDate "2018.05.05"]
[PlyCount "47"]

1.Nf3 g6 2.c4 c5 3.Nc3 Bg7 4.g3 Nc6 5.Bg2 Nf6 6.O-O O-O 7.d4 cxd4 8.Nxd4 
Re8 9.c5 e5 10.Ndb5 e4 11.Bf4 Ne5 12.Nd6 Re7 13.Bg5 h6 14.Bxf6 Bxf6 15.Nd5
Bg7 16.Nxe7+ Qxe7 17.Bxe4 Nc4 18.Qd5 Nxd6 19.cxd6 Qf6 20.Rac1 Qxb2 21.Bxg6
Qf6 22.Bd3 Rb8 23.Rc4 b5 24.Rf4 1-0

[Event "48th Bosna it"]
[Site "Sarajevo BIH"]
[Date "2018.05.06"]
[Round "3.57"]
[White "Colpa, Husein"]
[Black "Mahmutagic, Mevilda"]
[Result "0-1"]
[WhiteElo "1922"]
[BlackElo "1538"]
[EventDate "2018.05.05"]
[PlyCount "76"]

1.e4 c5 2.Nf3 d6 3.Nc3 Nf6 4.h3 e5 5.d3 h6 6.g4 Be7 7.Be3 Nc6 8.Qd2 Nd4 9.
Nh2 Nd7 10.Bg2 Bg5 11.Nd5 Nb6 12.O-O Bd7 13.c3 Nxd5 14.cxd4 Nxe3 15.fxe3 
cxd4 16.Kh1 Rc8 17.Qb4 Bxe3 18.Qxd6 Qe7 19.Qd5 Bc6 20.Qb3 O-O 21.Rf3 Qe6 
22.Qa3 Bb5 23.Rf5 a6 24.Raf1 f6 25.h4 g6 26.R5f3 Rc2 27.g5 hxg5 28.hxg5 
Bxg5 29.Bh3 Qc6 30.Ng4 Kg7 31.Nxe5 Qc7 32.Ng4 Bd7 33.Nf2 Bxh3 34.Rxh3 Bc1 
35.Rh7+ Kxh7 36.Qxf8 Qf4 37.Kg2 Qg4+ 38.Kh2 Bf4+ 0-1

[Event "48th Bosna it"]
[Site "Sarajevo BIH"]
[Date "2018.05.06"]
[Round "3.58"]
[White "Markovic, Rade"]
[Black "Fejzic, Danis"]
[Result "1/2-1/2"]
[WhiteElo "1767"]
[BlackElo "1460"]
[EventDate "2018.05.05"]
[PlyCount "103"]

1.e4 c5 2.Nc3 d6 3.g3 Nf6 4.Bg2 g6 5.f4 Bg7 6.Nf3 O-O 7.d3 Nc6 8.h3 a6 9.
O-O Bd7 10.Ne2 Qb6 11.Kh2 e5 12.c3 Rfe8 13.Qc2 Qc7 14.Be3 Rac8 15.Nh4 b5 
16.Qd2 exf4 17.Bxf4 Ne5 18.Kh1 c4 19.d4 Nd3 20.Bh6 Nxe4 21.Bxe4 Rxe4 22.
Bxg7 Kxg7 23.Rxf7+ Kxf7 24.Rf1+ Kg8 25.Qg5 Rxh4 26.gxh4 Bxh3 27.Rf3 Be6 
28.Rf6 Re8 29.h5 Bf7 30.hxg6 Bxg6 31.Ng3 Qe7 32.Qd5+ Kh8 33.Qxd6 Qxd6 34.
Rxd6 a5 35.b3 cxb3 36.axb3 Rc8 37.Rd5 Be8 38.Rf5 Bd7 39.Rf7 Rxc3 40.Rxd7 
Rxb3 41.Ne4 Kg8 42.d5 a4 43.Ra7 Ne5 44.Nf6+ Kf8 45.Nxh7+ Ke8 46.Nf6+ Kf8 
47.Kg2 a3 48.d6 b4 49.Nh7+ Kg8 50.Nf6+ Kf8 51.Nh7+ Kg8 52.Nf6+ 1/2-1/2

[Event "48th Bosna it"]
[Site "Sarajevo BIH"]
[Date "2018.05.06"]
[Round "3.59"]
[White "Lakota, Izet"]
[Black "Tutic, Amina"]
[Result "1-0"]
[WhiteElo "1761"]
[BlackElo "1439"]
[EventDate "2018.05.05"]
[PlyCount "48"]

1.e4 d6 2.g3 Nf6 3.Bg2 g6 4.Ne2 Bg7 5.d4 O-O 6.Bd2 Nc6 7.Bc3 Nd7 8.O-O b6 
9.e5 Bb7 10.exd6 cxd6 11.Nd2 e5 12.Nc4 Qc7 13.dxe5 Ncxe5 14.Nxd6 Bxg2 15.
Kxg2 Qc6+ 16.f3 Nxf3 17.Rxf3 Bxc3 18.Nxc3 Ne5 19.Ncb5 Nxf3 20.Qxf3 Qxf3+ 
21.Kxf3 f5 22.Re1 a6 23.Nc7 Ra7 24.Nd5 {nepregledno} 24...Rd7 1-0

[Event "48th Bosna it"]
[Site "Sarajevo BIH"]
[Date "2018.05.07"]
[Round "4.1"]
[White "Predke, Alexandr"]
[Black "Kalezic, Blazo"]
[Result "1-0"]
[WhiteElo "2603"]
[BlackElo "2463"]
[EventDate "2018.05.05"]
[PlyCount "91"]

1.e4 e6 2.d4 d5 3.e5 c5 4.c3 Nc6 5.Nf3 Nge7 6.Na3 Nf5 7.Nc2 cxd4 8.cxd4 
Be7 9.Bd3 O-O 10.O-O f6 11.Bd2 Bd7 12.Qe2 fxe5 13.dxe5 Rc8 14.Kh1 g6 15.g4
Ng7 16.Nfd4 Bc5 17.Nb3 Bb6 18.f4 d4 19.Rac1 Qe7 20.Be1 a5 21.a3 Rf7 22.Bg3
a4 23.Nd2 Na5 24.Nb4 Rxc1 25.Rxc1 Bc5 26.Ne4 Nb3 27.Rc4 Ne8 28.Nxc5 b5 29.
Rc2 Nxc5 30.Qf2 Nxd3 31.Nxd3 Bc8 32.Qxd4 g5 33.Kg1 Bb7 34.h3 h5 35.f5 exf5
36.gxh5 f4 37.Bf2 Qe6 38.Nc5 Qc6 39.Kf1 Qh1+ 40.Ke2 Bd5 41.Qd3 Ng7 42.h6 
Nf5 43.e6 Rf6 44.e7 f3+ 45.Kd2 Bf7 46.Qd8+ 1-0

[Event "48th Bosna it"]
[Site "Sarajevo BIH"]
[Date "2018.05.07"]
[Round "4.2"]
[White "Kadric, Denis"]
[Black "Brkic, Ante"]
[Result "0-1"]
[WhiteElo "2500"]
[BlackElo "2598"]
[EventDate "2018.05.05"]
[PlyCount "95"]

1.e4 c5 2.Be2 Nc6 3.f4 e6 4.Nf3 d5 5.d3 Bd6 6.O-O Nge7 7.c3 f6 8.a3 O-O 9.
b4 Qc7 10.g3 Rd8 11.Qe1 b5 12.Be3 d4 13.cxd4 Nxd4 14.Nxd4 cxd4 15.Bxd4 
Bxf4 16.gxf4 Rxd4 17.Qf2 Rd8 18.Nd2 a5 19.Rac1 Qa7 20.Nb3 axb4 21.axb4 
Qxf2+ 22.Kxf2 Ng6 23.Ke3 e5 24.f5 Nf4 25.Ra1 Rxa1 26.Rxa1 g6 27.fxg6 hxg6 
28.Nc5 Kg7 29.Bf3 Rd4 30.Ra7+ Kh6 31.Rf7 Kg5 32.Rh7 Nh5 33.Bxh5 gxh5 34.
Rh8 Bg4 35.Na6 Rd6 36.Nc5 Rd4 37.Na6 Kh4 38.Nc7 Rxb4 39.Nd5 Rb2 40.d4 Rxh2
41.Nxf6 Rh3+ 42.Kd2 exd4 43.Rd8 Rf3 44.e5 Rf2+ 45.Kc1 Re2 46.Rd5 d3 47.
Rxd3 Rxe5 48.Kb2 0-1

[Event "48th Bosna it"]
[Site "Sarajevo BIH"]
[Date "2018.05.07"]
[Round "4.3"]
[White "Schreiner, Peter"]
[Black "Djukic, Nikola"]
[Result "1/2-1/2"]
[WhiteElo "2473"]
[BlackElo "2556"]
[EventDate "2018.05.05"]
[PlyCount "45"]

1.d4 Nf6 2.c4 g6 3.g3 Bg7 4.Bg2 d5 5.cxd5 Nxd5 6.Nf3 Nb6 7.Nc3 O-O 8.O-O 
Nc6 9.d5 Na5 10.e4 c6 11.Bf4 Nac4 12.Qe2 Bg4 13.h3 Bxf3 14.Bxf3 cxd5 15.
Nxd5 Nxd5 16.exd5 Nd6 17.Rad1 Bf6 18.h4 Qb6 19.Be5 Rac8 20.h5 Nc4 21.Bxf6 
exf6 22.Rfe1 Nd6 23.Qd2 1/2-1/2

[Event "48th Bosna it"]
[Site "Sarajevo BIH"]
[Date "2018.05.07"]
[Round "4.4"]
[White "Burovic, Rijad"]
[Black "Diermair, Andreas"]
[Result "0-1"]
[WhiteElo "2331"]
[BlackElo "2504"]
[EventDate "2018.05.05"]
[PlyCount "80"]

1.e4 e5 2.f4 exf4 3.Bc4 Qh4+ 4.Kf1 d6 5.Nf3 Qh6 6.d4 Be6 7.Bb3 Nf6 8.Nc3 
Be7 9.Qd3 Nbd7 10.Bxe6 fxe6 11.Qc4 Nh5 12.Rg1 g5 13.Qxc7 g4 14.Ne1 Qf6 15.
Nb5 Ng3+ 16.hxg3 fxg3+ 17.Ke2 Qf2+ 18.Kd1 Qxg1 19.Nxd6+ Bxd6 20.Qxd6 O-O-O
21.a4 e5 22.c3 Rhf8 23.Bd2 Rf6 24.Qd5 Qf1 25.Qb5 a6 26.Qxf1 Rxf1 27.Ke2 
Rf2+ 28.Ke3 Nc5 29.Ra3 Nxe4 30.Kxe4 Rxd2 31.Ke3 Rxb2 32.dxe5 h5 33.Ra1 Rf2
34.Nd3 Rxg2 35.Nf4 Rh2 36.e6 h4 37.Rg1 Rc2 38.Ne2 Re8 39.Kd3 Rxe2 40.Kxe2 
Rxe6+ 0-1

[Event "48th Bosna it"]
[Site "Sarajevo BIH"]
[Date "2018.05.07"]
[Round "4.5"]
[White "Sadikhov, Ulvi"]
[Black "Yilmaz, Mustafa"]
[Result "1-0"]
[WhiteElo "2473"]
[BlackElo "2621"]
[EventDate "2018.05.05"]
[PlyCount "97"]

1.e4 c5 2.Nf3 d6 3.d4 cxd4 4.Nxd4 Nf6 5.Nc3 a6 6.h3 e6 7.g4 Be7 8.Bg2 Nfd7
9.Nce2 Nc6 10.c3 Nde5 11.O-O Ng6 12.f4 Nh4 13.Bh1 O-O 14.Be3 Bd7 15.Qd2 
Rc8 16.f5 h6 17.Nf4 Nxd4 18.cxd4 Bg5 19.Rf2 Re8 20.fxe6 fxe6 21.Raf1 Bb5 
22.Rd1 e5 23.Nd5 Bc6 24.Bxg5 Qxg5 25.Qxg5 hxg5 26.Nb6 Rc7 27.d5 Bd7 28.
Rdd2 Rf8 29.Rc2 Rxc2 30.Rxc2 Bb5 31.Rc8 Ng6 32.Rxf8+ Kxf8 33.Nc8 Nf4 34.
Nxd6 Nxh3+ 35.Kh2 Nf2 36.Nxb7 Nxg4+ 37.Kg3 Nf6 38.Nc5 Ke7 39.a4 Bd7 40.b4 
Kd6 41.Bf3 Bc8 42.a5 g4 43.Be2 Nh5+ 44.Kf2 g3+ 45.Kg1 Nf4 46.Bxa6 Bg4 47.
Bf1 Bf3 48.a6 g5 49.a7 1-0

[Event "48th Bosna it"]
[Site "Sarajevo BIH"]
[Date "2018.05.07"]
[Round "4.6"]
[White "Kozul, Zdenko"]
[Black "Runic, Zoran"]
[Result "1-0"]
[WhiteElo "2597"]
[BlackElo "2408"]
[EventDate "2018.05.05"]
[PlyCount "57"]

1.d4 Nf6 2.Nf3 e6 3.c4 d5 4.Bg5 Nbd7 5.cxd5 exd5 6.Nc3 c6 7.e3 Be7 8.Bd3 
Nf8 9.Qc2 Ne6 10.Bh4 g6 11.h3 Nh5 12.Bxe7 Qxe7 13.O-O-O Nf6 14.g4 Bd7 15.
Kb1 Nc7 16.Ne5 Bc8 17.f4 Nd7 18.e4 Nxe5 19.dxe5 Bd7 20.Qf2 O-O 21.Rhe1 d4 
22.Qxd4 Ne6 23.Qf2 g5 24.f5 Nc5 25.Bc2 Qxe5 26.h4 f6 27.hxg5 fxg5 28.Qd4 
Qxd4 29.Rxd4 1-0

[Event "48th Bosna it"]
[Site "Sarajevo BIH"]
[Date "2018.05.07"]
[Round "4.7"]
[White "Dizdarevic, Emir"]
[Black "Can, Emre"]
[Result "1/2-1/2"]
[WhiteElo "2458"]
[BlackElo "2596"]
[EventDate "2018.05.05"]
[PlyCount "36"]

1.Nf3 g6 2.d4 Bg7 3.g3 c5 4.dxc5 Na6 5.Bg2 Nxc5 6.c4 d6 7.Nd4 Nf6 8.Nc3 
O-O 9.O-O Rb8 10.h3 a6 11.Be3 Bd7 12.Rc1 Ne6 13.Nxe6 Bxe6 14.c5 dxc5 15.
Qxd8 Rfxd8 16.Bxc5 Kf8 17.Ba7 Ra8 18.Be3 Nd5 1/2-1/2

[Event "48th Bosna it"]
[Site "Sarajevo BIH"]
[Date "2018.05.07"]
[Round "4.8"]
[White "Fier, Alexandr"]
[Black "Ivic, Velimir"]
[Result "1/2-1/2"]
[WhiteElo "2580"]
[BlackElo "2405"]
[EventDate "2018.05.05"]
[PlyCount "74"]

1.Nf3 Nf6 2.c4 g6 3.b3 Bg7 4.Bb2 O-O 5.g3 d6 6.d4 e5 7.dxe5 dxe5 8.Qxd8 
Rxd8 9.Nxe5 Na6 10.Nd3 Bf5 11.Nc3 Bxd3 12.exd3 Nb4 13.O-O-O Ng4 14.Rd2 Ne5
15.Kb1 Nexd3 16.Bxd3 Rxd3 17.Rxd3 Nxd3 18.Rd1 Nxb2 19.Kxb2 Re8 20.Kc2 Bxc3
21.Kxc3 Kf8 22.Rd7 Re7 23.Rd8+ Re8 24.Rxe8+ Kxe8 25.Kd4 Ke7 26.b4 c6 27.g4
h6 28.a4 Kd6 29.h4 g5 30.h5 b6 31.Ke4 Ke6 32.a5 bxa5 33.bxa5 a6 34.c5 f6 
35.f4 gxf4 36.Kxf4 Ke7 37.Kf5 Kf7 1/2-1/2

[Event "48th Bosna it"]
[Site "Sarajevo BIH"]
[Date "2018.05.07"]
[Round "4.9"]
[White "Marjanovic, Dejan"]
[Black "Kurajica, Bojan"]
[Result "1/2-1/2"]
[WhiteElo "2391"]
[BlackElo "2516"]
[EventDate "2018.05.05"]
[PlyCount "49"]

1.Nf3 Nf6 2.c4 e6 3.Nc3 Bb4 4.Qc2 O-O 5.a3 Bxc3 6.Qxc3 c5 7.e3 b6 8.b4 d6 
9.Bb2 e5 10.d3 Nbd7 11.Be2 Bb7 12.O-O Rc8 13.Rac1 Re8 14.Qd2 d5 15.cxd5 
Nxd5 16.bxc5 bxc5 17.Qc2 N5b6 18.Nd2 Qe7 19.Rfd1 Bc6 20.Re1 Qh4 21.e4 Re6 
22.g3 Qh3 23.Bf1 Qh5 24.Be2 Qh3 25.Bf1 1/2-1/2

[Event "48th Bosna it"]
[Site "Sarajevo BIH"]
[Date "2018.05.07"]
[Round "4.10"]
[White "Ozen, Bahadir"]
[Black "Cvitan, Ognjen"]
[Result "1/2-1/2"]
[WhiteElo "2295"]
[BlackElo "2487"]
[EventDate "2018.05.05"]
[PlyCount "29"]

1.g3 e5 2.Bg2 d5 3.d3 Nf6 4.Nf3 Bd6 5.O-O O-O 6.Nc3 c6 7.e4 dxe4 8.Nxe4 
Nxe4 9.dxe4 Bg4 10.h3 Bh5 11.Qe1 Na6 12.a3 Nc7 13.Nh4 Re8 14.Be3 Ne6 15.
Bf3 1/2-1/2

[Event "48th Bosna it"]
[Site "Sarajevo BIH"]
[Date "2018.05.07"]
[Round "4.11"]
[White "Blagojevic, Dragisa"]
[Black "Pecnik, Leo"]
[Result "1-0"]
[WhiteElo "2483"]
[BlackElo "2299"]
[EventDate "2018.05.05"]
[PlyCount "59"]

1.d4 Nf6 2.Nf3 g6 3.c4 Bg7 4.g3 O-O 5.Bg2 d6 6.O-O a6 7.Nc3 Nc6 8.Bf4 Bd7 
9.Rc1 b5 10.Nd5 Nh5 11.Be3 e6 12.Nf4 Nxf4 13.Bxf4 Rb8 14.Qd2 Ne7 15.Bh6 
Bc6 16.Bxg7 Kxg7 17.b3 Bb7 18.d5 e5 19.Rfd1 h6 20.Ne1 f5 21.cxb5 axb5 22.
Qc3 b4 23.Qxc7 e4 24.f3 exf3 25.Bxf3 Kf6 26.Nd3 Nxd5 27.Bxd5 Qxc7 28.Rxc7 
Bxd5 29.Nf4 Bf7 30.Rxd6+ 1-0

[Event "48th Bosna it"]
[Site "Sarajevo BIH"]
[Date "2018.05.07"]
[Round "4.12"]
[White "Obad, Andrija"]
[Black "Tratar, Marko"]
[Result "1/2-1/2"]
[WhiteElo "2280"]
[BlackElo "2456"]
[EventDate "2018.05.05"]
[PlyCount "67"]

1.e4 c5 2.Nf3 Nc6 3.d4 cxd4 4.Nxd4 Qb6 5.Nb3 Nf6 6.Nc3 e6 7.Qe2 Bb4 8.Bd2 
O-O 9.a3 Be7 10.e5 Ne8 11.O-O-O a6 12.f4 Qc7 13.g3 b5 14.Bg2 Rb8 15.Ne4 a5
16.Be3 a4 17.Nd4 Nxd4 18.Rxd4 b4 19.axb4 Bxb4 20.Qc4 a3 21.bxa3 Bxa3+ 22.
Kd2 Qb6 23.Qa4 Qb2 24.Nc3 Bb4 25.Qb3 Qxb3 26.cxb3 Nc7 27.Rc4 Nd5 28.Bd4 
Bxc3+ 29.Bxc3 Rxb3 30.Bxd5 exd5 31.Rb4 Rxb4 32.Bxb4 Re8 33.Bd6 Bb7 34.Rb1 
1/2-1/2

[Event "48th Bosna it"]
[Site "Sarajevo BIH"]
[Date "2018.05.07"]
[Round "4.13"]
[White "Drasko, Milan"]
[Black "Hodzic, Nihad"]
[Result "1/2-1/2"]
[WhiteElo "2449"]
[BlackElo "2280"]
[EventDate "2018.05.05"]
[PlyCount "50"]

1.Nf3 d5 2.g3 Bg4 3.Bg2 c6 4.O-O Nd7 5.d3 e6 6.b3 Be7 7.Bb2 Bf6 8.d4 Ne7 
9.Nbd2 Nf5 10.h3 Bxf3 11.Nxf3 O-O 12.Re1 c5 13.c3 Rc8 14.e3 Nd6 15.Nd2 Qb6
16.Qe2 Rfd8 17.Rec1 Rc7 18.a4 a5 19.Ba3 Rdc8 20.Rab1 cxd4 21.cxd4 Rxc1+ 
22.Rxc1 Rxc1+ 23.Bxc1 Qb4 24.Bf1 Nb8 25.Qd3 Nc6 1/2-1/2

[Event "48th Bosna it"]
[Site "Sarajevo BIH"]
[Date "2018.05.07"]
[Round "4.14"]
[White "Sitnic, Adnan"]
[Black "Radovanovic, Nikola"]
[Result "0-1"]
[WhiteElo "2187"]
[BlackElo "2438"]
[EventDate "2018.05.05"]
[PlyCount "106"]

1.e4 d6 2.d4 Nf6 3.Nc3 g6 4.f4 Bg7 5.Nf3 O-O 6.Bc4 Nxe4 7.Nxe4 d5 8.Bd3 
dxe4 9.Bxe4 Nd7 10.c3 c5 11.O-O cxd4 12.Nxd4 Qb6 13.Rf2 Bxd4 14.cxd4 Nf6 
15.Bf3 Be6 16.Be3 Rfd8 17.h3 Bd5 18.f5 gxf5 19.Bf4 Bxf3 20.Qxf3 Ne4 21.Rc2
Qxd4+ 22.Kh2 Rd7 23.Rac1 Qf6 24.g4 e5 25.Rg1 Kh8 26.Bc1 Ng5 27.Bxg5 Qxg5 
28.gxf5 Qf4+ 29.Qxf4 exf4 30.Rg4 Rad8 31.Rxf4 Rd2+ 32.Rf2 Rxf2+ 33.Rxf2 
Kg7 34.Kg3 Kf6 35.Kg4 Rg8+ 36.Kf4 Rg5 37.Ke4 Rg3 38.Rc2 Rxh3 39.a3 Rh4+ 
40.Kd5 Rf4 41.Rc7 Rxf5+ 42.Kc4 b5+ 43.Kb4 h5 44.Rxa7 h4 45.Ra8 Rh5 46.Re8 
h3 47.Re1 h2 48.Rh1 Kg5 49.Kxb5 Kg4+ 50.Kc6 Kg3 51.b4 Kg2 52.Rxh2+ Kxh2 
53.b5 f5 0-1

[Event "48th Bosna it"]
[Site "Sarajevo BIH"]
[Date "2018.05.07"]
[Round "4.15"]
[White "Krishna, C. R. G."]
[Black "Aleksic, Neven"]
[Result "1-0"]
[WhiteElo "2416"]
[BlackElo "2154"]
[EventDate "2018.05.05"]
[PlyCount "57"]

1.Nf3 Nf6 2.c4 e6 3.g3 d5 4.b3 Be7 5.Bg2 O-O 6.O-O c5 7.Bb2 Nc6 8.e3 b6 9.
Qe2 Bb7 10.Rd1 Qc7 11.Nc3 Rad8 12.Rac1 Qb8 13.cxd5 Nxd5 14.Nxd5 Rxd5 15.
Ne1 Rd7 16.d4 Rfd8 17.Nd3 Qa8 18.dxc5 Bxc5 19.Nxc5 Rxd1+ 20.Rxd1 bxc5 21.
Rxd8+ Qxd8 22.Qb5 Qd1+ 23.Bf1 Ba8 24.Qxc5 Qf3 25.Qd6 h6 26.Bg2 Qe2 27.Bxc6
Bxc6 28.Qxc6 Qxb2 29.Qe8+ 1-0

[Event "48th Bosna it"]
[Site "Sarajevo BIH"]
[Date "2018.05.07"]
[Round "4.16"]
[White "Nenezic, Danilo"]
[Black "Manea, Alexandru"]
[Result "0-1"]
[WhiteElo "2116"]
[BlackElo "2402"]
[EventDate "2018.05.05"]
[PlyCount "72"]

1.e4 e6 2.d4 d5 3.exd5 exd5 4.Bd3 Bd6 5.Qf3 Nc6 6.c3 Be6 7.Ne2 Qh4 8.Bf4 
O-O-O 9.Bxd6 Rxd6 10.Qf4 Qe7 11.O-O h5 12.Nd2 g5 13.Qe3 f5 14.f4 g4 15.b4 
Nf6 16.b5 Bd7 17.Qf2 Na5 18.Rfe1 h4 19.Nc1 Ne4 20.Bxe4 fxe4 21.Qe2 Rb6 22.
a4 Qf7 23.Rf1 e3 24.Ndb3 Nxb3 25.Nxb3 Re8 26.Nc5 Bf5 27.Rac1 Rf6 28.c4 
dxc4 29.Rxc4 Qd5 30.Rfc1 h3 31.g3 Kd8 32.a5 b6 33.Na6 Bd3 34.Nxc7 Qxc4 35.
Rxc4 Bxe2 36.Nxe8 Kxe8 0-1

[Event "48th Bosna it"]
[Site "Sarajevo BIH"]
[Date "2018.05.07"]
[Round "4.17"]
[White "Levar, Nenad"]
[Black "Stoyanov, Tsvetan"]
[Result "1/2-1/2"]
[WhiteElo "2075"]
[BlackElo "2373"]
[EventDate "2018.05.05"]
[PlyCount "117"]

1.Nf3 d5 2.d4 Nf6 3.c4 e6 4.Nc3 Be7 5.cxd5 exd5 6.Bg5 c6 7.Qc2 g6 8.e3 Bf5
9.Bd3 Bxd3 10.Qxd3 Nbd7 11.O-O O-O 12.Rab1 a5 13.Qc2 Re8 14.a3 Nb6 15.Nd2 
Nfd7 16.Bxe7 Qxe7 17.b4 axb4 18.axb4 Ra3 19.Rfc1 Rea8 20.h3 Nf8 21.Nd1 Ne6
22.b5 Rc8 23.bxc6 Rxc6 24.Qb2 Ra6 25.Rxc6 bxc6 26.Rc1 Qd7 27.Qc2 Nc8 28.
Nb3 Qa7 29.Nc3 Nd6 30.Qd1 Ra3 31.Nb1 Ra6 32.N1d2 Nb5 33.Ra1 Nc3 34.Rxa6 
Qxa6 35.Qa1 Na4 36.Qa3 Qb5 37.Qd6 Nc3 38.Qa3 Kg7 39.Nc1 Nb1 40.Nxb1 Qxb1 
41.Qc3 Ng5 42.f3 Ne6 43.Qxc6 Qb2 44.Kf1 Qd2 45.Ne2 Qxe3 46.Qc3 Qg5 47.g3 
Qf5 48.Kg2 h5 49.h4 g5 50.hxg5 Qxg5 51.f4 Qg4 52.Qf3 Qf5 53.Qe3 Kg6 54.Ng1
Qc2+ 55.Kh3 Qd1 56.Nf3 Qh1+ 57.Nh2 Qd1 58.Nf3 Qh1+ 59.Nh2 1/2-1/2

[Event "48th Bosna it"]
[Site "Sarajevo BIH"]
[Date "2018.05.07"]
[Round "4.18"]
[White "Nestorovic, Lazar"]
[Black "Angun, Batu"]
[Result "1-0"]
[WhiteElo "2370"]
[BlackElo "2152"]
[EventDate "2018.05.05"]
[PlyCount "59"]

1.e4 c5 2.Nf3 d6 3.d4 cxd4 4.Nxd4 Nf6 5.Nc3 a6 6.a3 e5 7.Nf3 Be7 8.Bc4 Qc7
9.Qe2 O-O 10.O-O Bg4 11.Ba2 Nc6 12.Qd3 Nd7 13.Nd5 Qd8 14.h3 Nc5 15.Qe3 Bh5
16.c3 Bg6 17.Bb1 Nb3 18.Ra2 b5 19.a4 b4 20.cxb4 Nbd4 21.Nxd4 Nxd4 22.b3 f5
23.exf5 Nxf5 24.Qb6 Qe8 25.Nc7 Qf7 26.Nxa8 Ng3 27.Bxg6 hxg6 28.Re1 Qxb3 
29.Rb2 Qc3 30.Qe3 1-0

[Event "48th Bosna it"]
[Site "Sarajevo BIH"]
[Date "2018.05.07"]
[Round "4.19"]
[White "Shah, Rishab"]
[Black "Nestorovic, Dejan"]
[Result "1-0"]
[WhiteElo "2084"]
[BlackElo "2364"]
[EventDate "2018.05.05"]
[PlyCount "79"]

1.e4 c5 2.Nc3 e6 3.f4 Nc6 4.Nf3 Nge7 5.g3 g6 6.e5 d5 7.exd6 Nf5 8.Ne4 Bxd6
9.Nxd6+ Qxd6 10.Bg2 f6 11.O-O Bd7 12.d3 h5 13.Qe1 h4 14.g4 h3 15.Bh1 Nfd4 
16.Qf2 Nxf3+ 17.Bxf3 O-O-O 18.c3 g5 19.fxg5 Ne5 20.Bf4 fxg5 21.Bxe5 Qxe5 
22.Rae1 Qd6 23.b4 b6 24.bxc5 bxc5 25.Qe3 Rhf8 26.Qe5 Kc7 27.d4 Qxe5 28.
Rxe5 cxd4 29.cxd4 Rf4 30.Rxg5 Rxd4 31.Rh5 e5 32.Rc1+ Kd6 33.Rh6+ Ke7 34.
Rc7 Rc8 35.Rxa7 Rd2 36.Rh7+ Kf6 37.Ra6+ Kg5 38.Rh5+ Kf4 39.Rf6+ Ke3 40.
Rxe5+ 1-0

[Event "48th Bosna it"]
[Site "Sarajevo BIH"]
[Date "2018.05.07"]
[Round "4.20"]
[White "Bistric, Faruk"]
[Black "Kozarcanin, Sead"]
[Result "1-0"]
[WhiteElo "2346"]
[BlackElo "2066"]
[EventDate "2018.05.05"]
[PlyCount "39"]

1.e4 e5 2.Nf3 Nc6 3.c3 d6 4.d4 Bd7 5.Bc4 Qe7 6.O-O h6 7.b4 exd4 8.cxd4 
O-O-O 9.b5 Na5 10.Bd3 b6 11.Bd2 f5 12.exf5 Qf6 13.Bxa5 bxa5 14.Qc2 d5 15.
Nc3 Ne7 16.Rfc1 Bxf5 17.Na4 Rd7 18.Ne5 Bxd3 19.Qxd3 Nf5 20.Rab1 1-0

[Event "48th Bosna it"]
[Site "Sarajevo BIH"]
[Date "2018.05.07"]
[Round "4.21"]
[White "Alaz, Ahmet Efekan"]
[Black "Arapovic, Vitomir"]
[Result "1/2-1/2"]
[WhiteElo "2072"]
[BlackElo "2329"]
[EventDate "2018.05.05"]
[PlyCount "74"]

1.d4 g6 2.Nf3 Bg7 3.Nc3 d5 4.Bf4 Nf6 5.e3 O-O 6.Be2 c6 7.Ne5 Nbd7 8.O-O 
Re8 9.h3 Nf8 10.Na4 N6d7 11.Nf3 b5 12.Nc3 f6 13.Bh2 b4 14.Na4 e5 15.c4 
bxc3 16.bxc3 e4 17.Nd2 Ne6 18.c4 f5 19.cxd5 cxd5 20.Nb3 a6 21.Qd2 f4 22.
exf4 Qf6 23.Bg4 Nxd4 24.Rad1 h5 25.Nxd4 hxg4 26.hxg4 Nb6 27.Nxb6 Qxb6 28.
f5 a5 29.Rfe1 gxf5 30.gxf5 Bxd4 31.Qxd4 Qxd4 32.Rxd4 Bxf5 33.Rxd5 Bg6 34.
Rd7 Rad8 35.Red1 Rxd7 36.Rxd7 e3 37.fxe3 Rxe3 1/2-1/2

[Event "48th Bosna it"]
[Site "Sarajevo BIH"]
[Date "2018.05.07"]
[Round "4.22"]
[White "Marn, Jan"]
[Black "Jakupovic, Neven"]
[Result "1/2-1/2"]
[WhiteElo "2063"]
[BlackElo "2324"]
[EventDate "2018.05.05"]
[PlyCount "24"]

1.d4 d5 2.c4 c6 3.cxd5 cxd5 4.Nc3 Nf6 5.Bf4 Nc6 6.e3 a6 7.Bd3 g6 8.Nf3 Bf5
9.Bxf5 gxf5 10.Ne5 e6 11.O-O Nxe5 12.Bxe5 Bd6 1/2-1/2

[Event "48th Bosna it"]
[Site "Sarajevo BIH"]
[Date "2018.05.07"]
[Round "4.23"]
[White "Dietmayer-Kraeutler, Marco"]
[Black "Selimovic, Amir"]
[Result "1/2-1/2"]
[WhiteElo "2318"]
[BlackElo "1932"]
[EventDate "2018.05.05"]
[PlyCount "98"]

1.d4 Nf6 2.c4 g6 3.Nc3 Bg7 4.e4 d6 5.Nf3 O-O 6.Be2 Na6 7.Qc2 c5 8.Rb1 cxd4
9.Nxd4 e5 10.Ndb5 Nc5 11.f3 a6 12.Na3 Nh5 13.O-O Ne6 14.Be3 Nef4 15.Nd5 
Qg5 16.Bd3 Bh3 17.Rf2 Be6 18.Kh1 Qh4 19.Rd2 Bh6 20.Nxf4 Nxf4 21.Bf1 Nh5 
22.Bxh6 Ng3+ 23.Kg1 Nxf1 24.Rxf1 Qxh6 25.Rxd6 Rac8 26.Qc1 Qxc1 27.Rxc1 b5 
28.b3 bxc4 29.Nxc4 a5 30.Kf2 Rc5 31.Ke3 a4 32.Kd3 axb3 33.axb3 Rb8 34.Kc3 
Rcb5 35.Rb1 Rc8 36.Rbd1 Kg7 37.Ra1 Rcb8 38.Ra3 Rc8 39.h4 h5 40.g3 Bxc4 41.
bxc4 Rb1 42.Kc2 Rb4 43.Rd5 Rbxc4+ 44.Kd3 R4c5 45.Rxc5 Rxc5 46.Rc3 Ra5 47.
Ke3 Rb5 48.Rd3 Kf6 49.Ra3 Kg7 1/2-1/2